[Event "Gibtelecom Masters"]
[Site "Gibraltar"]
[Date "2009.02.01"]
[Round "6.33"]
[White "Nezad, Husein Aziz"]
[Black "Suez-Panama, Gilles"]
[Result "1-0"]
[WhiteElo "2403"]
[BlackElo "2032"]
[PlyCount "81"]
[EventDate "2009.01.27"]

1. e4 e6 2. d4 d5 3. Nc3 Nf6 4. e5 Nfd7 5. f4 c5 6. Nf3 Nc6 7. Be3 cxd4 8. Nxd4
Bc5 9. Qd2 O-O 10. O-O-O a6 11. Qf2 Nxd4 12. Bxd4 Qe7 13. Bd3 b5 14. Kb1 b4 15.
Ne2 a5 16. Bb5 Bxd4 17. Nxd4 f6 18. Bxd7 Bxd7 19. Qe2 a4 20. Rhe1 f5 21. h3 Ra5
22. Qd2 Rfa8 23. Rc1 Rc8 24. g4 g6 25. Rg1 Kh8 26. Rg3 Rc4 27. gxf5 exf5 28.
Rcg1 Rac5 29. Rg5 Rc8 30. h4 Qc5 31. c3 bxc3 32. bxc3 Rxc3 33. R5g2 Qb4+ 34.
Ka1 Qa3 35. Rb1 Rd3 36. Qb4 Qxb4 37. Rxb4 Rc1+ 38. Kb2 Rcd1 39. e6 Rxd4 40.
Rxd4 a3+ 41. Kc2 1-0

[Event "Gibtelecom Masters"]
[Site "Gibraltar"]
[Date "2009.02.01"]
[Round "6.34"]
[White "Houska, Jovanka"]
[Black "Tate, Alan"]
[Result "1-0"]
[WhiteElo "2392"]
[BlackElo "2170"]
[PlyCount "89"]
[EventDate "2009.01.27"]

1. d4 Nf6 2. Nf3 e6 3. c4 c5 4. d5 d6 5. Nc3 exd5 6. cxd5 g6 7. h3 a6 8. a4 Bg7
9. e4 Nbd7 10. Bd3 Nh5 11. Bg5 Bf6 12. Be3 Ne5 13. Be2 Nxf3+ 14. Bxf3 Ng7 15.
Qd2 Bd7 16. Be2 O-O 17. O-O Re8 18. Bf4 Qe7 19. Rfe1 Be5 20. Rad1 Rab8 21. Bxe5
Qxe5 22. f4 Qe7 23. e5 dxe5 24. Bf3 Nf5 25. fxe5 Nd4 26. Qf4 Bf5 27. d6 Qf8 28.
Nd5 Kg7 29. Nf6 Red8 30. Bg4 Ne6 31. Qe3 Bxg4 32. Nxg4 Kh8 33. Nf6 b5 34. a5 b4
35. b3 Rb5 36. Rf1 Rxa5 37. Ra1 Ra3 38. Ne4 Rxa1 39. Rxa1 Qg7 40. Nxc5 Rxd6 41.
exd6 Qxa1+ 42. Kh2 Nxc5 43. Qxc5 Qf6 44. d7 Kg7 45. Qc7 1-0

[Event "Gibtelecom Masters"]
[Site "Gibraltar"]
[Date "2009.02.01"]
[Round "6.35"]
[White "Lovik, Lasse Ostebo"]
[Black "Van Eijk, Sander"]
[Result "1/2-1/2"]
[WhiteElo "2184"]
[BlackElo "2355"]
[PlyCount "44"]
[EventDate "2009.01.27"]

1. e4 c5 2. Nf3 Nc6 3. d4 cxd4 4. Nxd4 Qb6 5. Nb3 Nf6 6. Nc3 e6 7. Bd3 Be7 8.
O-O a6 9. Be3 Qc7 10. f4 d6 11. Qf3 O-O 12. Rae1 Nd7 13. g4 b5 14. g5 Bb7 15.
Qh3 Nb4 16. f5 Nxd3 17. cxd3 exf5 18. exf5 Ne5 19. d4 Nc4 20. g6 fxg6 21. fxg6
hxg6 22. Qe6+ Kh7 1/2-1/2

[Event "Gibtelecom Masters"]
[Site "Gibraltar"]
[Date "2009.02.01"]
[Round "6.38"]
[White "Fruebing, Stefan"]
[Black "Collier, David O"]
[Result "1-0"]
[WhiteElo "2307"]
[BlackElo "2083"]
[PlyCount "95"]
[EventDate "2009.01.27"]

1. e4 c5 2. Nc3 d6 3. Nf3 Nf6 4. d4 cxd4 5. Nxd4 a6 6. a4 g6 7. Be2 Bg7 8. O-O
O-O 9. Be3 Nc6 10. Nb3 Be6 11. f4 Rc8 12. Bf3 Na5 13. Nxa5 Qxa5 14. Nd5 Nxd5
15. exd5 Bf5 16. c3 Qc7 17. a5 Qc4 18. Be2 Qe4 19. Bb6 Qc2 20. Qxc2 Bxc2 21.
Rfe1 Be4 22. Rad1 f5 23. Rd2 Bf6 24. Be3 Kf7 25. Bd1 h6 26. Ba4 g5 27. Bd7 Rc4
28. Be6+ Kg6 29. Ra1 gxf4 30. Bxf4 Bg5 31. g3 Rb8 32. Kf2 Kf6 33. h4 Bxf4 34.
gxf4 Rh8 35. Rg1 Rh7 36. Rg8 Rg7 37. Rxg7 Kxg7 38. Rd1 Rc5 39. Rg1+ Kh7 40. Ra1
Kg6 41. Ke3 Kh5 42. Kd4 Kxh4 43. b4 Rc7 44. Rg1 Kh3 45. c4 h5 46. c5 Bg2 47.
Bxf5+ Kg3 48. Be4 1-0

[Event "Gibtelecom Masters"]
[Site "Gibraltar"]
[Date "2009.02.01"]
[Round "6.39"]
[White "Vinas Guerrero, Carlos A"]
[Black "Socko, Monika"]
[Result "0-1"]
[WhiteElo "2104"]
[BlackElo "2449"]
[PlyCount "72"]
[EventDate "2009.01.27"]

1. e4 e6 2. d4 d5 3. Nc3 Bb4 4. exd5 exd5 5. Bd3 Be6 6. Nge2 Nc6 7. O-O Nge7 8.
Nb1 Qd7 9. c3 Bd6 10. Bf4 Bg4 11. f3 Bf5 12. Re1 O-O-O 13. Na3 h5 14. Nc2 Bxd3
15. Qxd3 Bxf4 16. Nxf4 g5 17. Ne2 Ng6 18. Nb4 Nxb4 19. cxb4 Rhe8 20. Qd2 g4 21.
f4 h4 22. Nc3 g3 23. h3 Qf5 24. Rxe8 Rxe8 25. Re1 Rxe1+ 26. Qxe1 Kd8 27. Qe3
Nxf4 28. b5 c6 29. a4 Ne6 30. bxc6 bxc6 31. b3 c5 32. Qd2 Nxd4 33. a5 Nxb3 34.
Qxd5+ Qxd5 35. Nxd5 Nxa5 36. Ne3 Nb3 0-1

[Event "Gibtelecom Masters"]
[Site "Gibraltar"]
[Date "2009.02.01"]
[Round "6.40"]
[White "Linqvist, Grels"]
[Black "White, Michael J R"]
[Result "0-1"]
[WhiteElo "2034"]
[BlackElo "2251"]
[PlyCount "74"]
[EventDate "2009.01.27"]

1. c4 Nf6 2. Nc3 g6 3. g3 Bg7 4. Bg2 O-O 5. d4 d6 6. Nf3 Nbd7 7. O-O e5 8. h3
exd4 9. Nxd4 Re8 10. e4 a6 11. Re1 Rb8 12. Be3 c5 13. Nde2 Ne5 14. b3 b5 15. f4
Ned7 16. Qxd6 b4 17. e5 bxc3 18. exf6 Rxe3 19. fxg7 Rb6 20. Qd1 Rbe6 21. Rc1
Qf6 22. Rc2 Kxg7 23. Rf1 Qe7 24. Nxc3 Rxg3 25. Nd5 Qh4 26. Kh2 Nf6 27. Qa1 Ree3
28. Nxe3 Bxh3 29. Kg1 Rxe3 30. Qb2 Rg3 31. Re2 Kh6 32. Rf3 Ng4 33. Rxg3 Qxg3
34. Kf1 Nh2+ 35. Kg1 Nf3+ 36. Kf1 Bxg2+ 37. Rxg2 Qe1# 0-1

[Event "Gibtelecom Masters"]
[Site "Gibraltar"]
[Date "2009.02.01"]
[Round "6.44"]
[White "Dittmar, Peter"]
[Black "Van Heirzeele, Daniel"]
[Result "1-0"]
[WhiteElo "2382"]
[BlackElo "2189"]
[PlyCount "111"]
[EventDate "2009.01.27"]

1. b3 d5 2. Bb2 Bg4 3. f3 Bf5 4. e3 Nd7 5. Nc3 c6 6. e4 dxe4 7. fxe4 Bg6 8. Nf3
e5 9. Qe2 Ngf6 10. g3 Qc7 11. Bh3 Bc5 12. Nh4 O-O-O 13. O-O-O Bd4 14. Nf5 Bxf5
15. Bxf5 Kb8 16. Na4 b5 17. c3 bxa4 18. cxd4 axb3 19. axb3 exd4 20. Bxd4 Ne5
21. Qe3 c5 22. Bc3 Nd3+ 23. Kc2 Rhe8 24. Qf3 Qc6 25. Rhf1 Re7 26. e5 Qxf3 27.
Rxf3 Nxe5 28. Re3 Nc6 29. Rxe7 Nxe7 30. Be5+ Kb7 31. Bxf6 gxf6 32. Bxh7 Ng6 33.
Rf1 Rh8 34. Bxg6 fxg6 35. Rxf6 Rxh2 36. Rxg6 Rg2 37. Kc3 Kc7 38. d3 Kb7 39. Kc4
Rc2+ 40. Kb5 Rc3 41. Rg7+ Kc8 42. Kc6 Kd8 43. Rg5 Rxb3 44. Rd5+ Ke7 45. Kxc5 a5
46. g4 a4 47. Kc4 Rb8 48. Ra5 Rc8+ 49. Kd5 Rd8+ 50. Ke4 Rg8 51. g5 Rh8 52. Ke5
Rh4 53. Ra7+ Kf8 54. d4 Rg4 55. Rxa4 Rxg5+ 56. Kf6 1-0

[Event "Gibtelecom Masters"]
[Site "Gibraltar"]
[Date "2009.02.01"]
[Round "6.45"]
[White "Samuelsson, Sven-Gunnar"]
[Black "Welling, Gerard"]
[Result "0-1"]
[WhiteElo "2142"]
[BlackElo "2371"]
[PlyCount "92"]
[EventDate "2009.01.27"]

1. d4 c6 2. c4 b5 3. e3 bxc4 4. Bxc4 Nf6 5. Nc3 d5 6. Be2 e6 7. Nf3 Nbd7 8. O-O
Be7 9. b3 O-O 10. Bb2 c5 11. Rc1 Bb7 12. Na4 cxd4 13. Bxd4 Bd6 14. Nc5 Nxc5 15.
Bxc5 Bxc5 16. Rxc5 Ne4 17. Rc2 Qa5 18. Qd4 Rfc8 19. Rfc1 Qa3 20. Qa1 h6 21. g3
Rxc2 22. Rxc2 Rc8 23. Rxc8+ Bxc8 24. Bd3 Nc5 25. Be2 Nxb3 26. Qe5 Qxa2 27. Qb8
Qxe2 28. Qxc8+ Kh7 29. Qb7 Qxf3 30. Qxb3 Qf6 31. Qa3 d4 32. Qd3+ g6 33. exd4
Qf5 34. Qc4 a5 35. h4 Kg7 36. Qa4 Qb1+ 37. Kg2 Qb4 38. Qd7 a4 39. Kh2 a3 40. d5
Qd4 41. dxe6 Qxf2+ 42. Kh3 Qf1+ 43. Kh2 Qe2+ 44. Kg1 Qxe6 45. Qd4+ Qf6 46. Qa7
Qb2 0-1

[Event "Gibtelecom Masters"]
[Site "Gibraltar"]
[Date "2009.02.01"]
[Round "6.46"]
[White "Heinis, Vincent"]
[Black "Leniart, Arkadiusz"]
[Result "1-0"]
[WhiteElo "2170"]
[BlackElo "2360"]
[PlyCount "79"]
[EventDate "2009.01.27"]

1. d4 Nf6 2. c4 e6 3. Nf3 d5 4. g3 Nbd7 5. Bg2 dxc4 6. O-O Nb6 7. Nbd2 Bd7 8.
a4 a5 9. Ne5 Nfd5 10. e4 Nb4 11. Ndxc4 Nxc4 12. Nxc4 Be7 13. Bf4 O-O 14. Rc1
Na2 15. Ra1 Nb4 16. Rc1 Ra6 17. h4 Na2 18. Ra1 Nb4 19. Rc1 Bc6 20. Ne3 Bd6 21.
Bxd6 cxd6 22. d5 exd5 23. exd5 Bd7 24. b3 b5 25. axb5 Bxb5 26. Nc4 Qf6 27. Qd2
h5 28. Rfe1 g6 29. Re4 Rc8 30. Rf4 Qd8 31. Bf1 Rc5 32. Ne3 Bxf1 33. Rxf1 Ra8
34. Re1 Rac8 35. Nf5 R8c7 36. Rfe4 Rc8 37. Ne7+ Kh7 38. Nxc8 Qxc8 39. Re8 Qf5
40. Rh8+ 1-0

[Event "Gibtelecom Masters"]
[Site "Gibraltar"]
[Date "2009.02.01"]
[Round "6.47"]
[White "Quillan, Gary"]
[Black "Hagesaether, Arne"]
[Result "1-0"]
[WhiteElo "2357"]
[BlackElo "2184"]
[PlyCount "53"]
[EventDate "2009.01.27"]

1. e4 c6 2. d4 d5 3. exd5 cxd5 4. c4 Nf6 5. Nc3 e6 6. Nf3 Bb4 7. cxd5 Nxd5 8.
Qc2 Nc6 9. Bd3 h6 10. O-O Nf6 11. Bf4 O-O 12. Rad1 Re8 13. Qe2 Bf8 14. Bb1 Ne7
15. Ne5 Ned5 16. Bc1 Qc7 17. Rd3 b6 18. Rg3 Kh8 19. Re1 Bb7 20. Nb5 Qe7 21. Nd6
g5 22. Ndxf7+ Kg8 23. h4 Qb4 24. hxg5 hxg5 25. Rxg5+ Bg7 26. Nh6+ Kh8 27. Nef7#
1-0

[Event "Gibtelecom Masters"]
[Site "Gibraltar"]
[Date "2009.02.01"]
[Round "6.48"]
[White "Klinova, Masha"]
[Black "Machin Arbelo, Pedro Alexi"]
[Result "1-0"]
[WhiteElo "2328"]
[BlackElo "2134"]
[PlyCount "139"]
[EventDate "2009.01.27"]

1. e4 e6 2. d4 c5 3. Nf3 cxd4 4. Nxd4 Nf6 5. Nc3 Bb4 6. e5 Nd5 7. Bd2 Bxc3 8.
bxc3 O-O 9. Bd3 d6 10. exd6 Qxd6 11. O-O Nc6 12. Nb5 Qe7 13. Re1 e5 14. c4 Nf6
15. Bg5 h6 16. Bh4 Rd8 17. Qf3 g5 18. Bg3 Re8 19. Nc3 Bg4 20. Qe3 Nh5 21. Nd5
Qd8 22. f3 Be6 23. Rad1 f5 24. Bf2 Kg7 25. Qc5 Rc8 26. Qb5 Qd7 27. Bf1 Qf7 28.
Rb1 b6 29. Nb4 Bd7 30. Qa6 e4 31. fxe4 fxe4 32. c5 Rf8 33. Be3 Nxb4 34. Rxb4
bxc5 35. Rxe4 Nf6 36. Bc4 Rc6 37. Qxa7 Be6 38. Qxf7+ Bxf7 39. Re7 Kg8 40. Bxf7+
Rxf7 41. Rxf7 Kxf7 42. a4 Nd5 43. Bf2 Nb4 44. Re2 Ra6 45. Bxc5 Rxa4 46. Rd2 Na6
47. Bd6 Rc4 48. Kf2 Nc5 49. Bxc5 Rxc5 50. Ke3 Ke6 51. Kd4 Rc8 52. c4 Kd7 53.
Ra2 Rf8 54. Ra7+ Kc6 55. Ra6+ Kc7 56. Rxh6 Rf2 57. g3 Re2 58. Kd5 Rd2+ 59. Kc5
Rb2 60. Rh7+ Kd8 61. Kc6 Rd2 62. c5 Rb2 63. Rh8+ Ke7 64. Kc7 Kf6 65. c6 Kf5 66.
Rh6 Kg4 67. Kc8 Rc2 68. c7 Kf3 69. Kd7 Rd2+ 70. Rd6 1-0

[Event "Gibtelecom Masters"]
[Site "Gibraltar"]
[Date "2009.02.01"]
[Round "6.49"]
[White "Green, Andrew D"]
[Black "Forsaa, Espen"]
[Result "0-1"]
[WhiteElo "2136"]
[BlackElo "2322"]
[PlyCount "58"]
[EventDate "2009.01.27"]

1. e4 c5 2. Nf3 d6 3. d4 cxd4 4. Nxd4 Nf6 5. Nc3 a6 6. Be3 e6 7. f4 Qc7 8. Qf3
b5 9. Bd3 Bb7 10. g4 Nc6 11. g5 Nd7 12. O-O-O b4 13. Nce2 e5 14. Nf5 g6 15. Nh6
Bxh6 16. gxh6 exf4 17. Bxf4 Nce5 18. Qg3 Nc5 19. Nd4 Ncxd3+ 20. Rxd3 Nxd3+ 21.
Qxd3 O-O-O 22. Nf3 Rhe8 23. Rd1 Rxe4 24. Bxd6 Qa5 25. Nd2 Rh4 26. Qg3 Rd4 27.
Be7 R8d7 28. Bf6 R4d6 29. Be7 Rxd2 0-1

[Event "Gibtelecom Masters"]
[Site "Gibraltar"]
[Date "2009.02.01"]
[Round "6.50"]
[White "Ashton, Adam G"]
[Black "Obers, Frits"]
[Result "1/2-1/2"]
[WhiteElo "2321"]
[BlackElo "2107"]
[PlyCount "72"]
[EventDate "2009.01.27"]

1. e4 c5 2. Nf3 g6 3. c4 Nc6 4. d4 cxd4 5. Nxd4 Nf6 6. Nc3 d6 7. Be2 Nxd4 8.
Qxd4 Bg7 9. Bg5 O-O 10. Qd2 a5 11. O-O a4 12. Rab1 Qa5 13. Rfc1 Be6 14. b4 axb3
15. axb3 Qb4 16. Qe3 Rfe8 17. Nb5 Rec8 18. Qd3 Ra2 19. Nc3 Ra3 20. Bd2 Qb6 21.
Nb5 Ra2 22. Be3 Qd8 23. Nd4 Bd7 24. f3 Ne8 25. Bf1 Nc7 26. b4 Ne6 27. Nb3 Ba4
28. Nd4 Nxd4 29. Bxd4 Bc2 30. Rxc2 Bxd4+ 31. Kh1 Rxc2 32. Qxc2 e5 33. Qd2 Kg7
34. f4 Qf6 35. f5 gxf5 36. exf5 Qxf5 1/2-1/2

[Event "Gibtelecom Masters"]
[Site "Gibraltar"]
[Date "2009.02.01"]
[Round "6.51"]
[White "Almond, Richard J"]
[Black "Ripari, Marcelo"]
[Result "1/2-1/2"]
[WhiteElo "2126"]
[BlackElo "2313"]
[PlyCount "75"]
[EventDate "2009.01.27"]

1. d4 Nf6 2. c4 g6 3. Nf3 Bg7 4. g3 O-O 5. Bg2 c6 6. O-O d5 7. cxd5 cxd5 8. Ne5
Ng4 9. Nxg4 Bxg4 10. Nc3 Nc6 11. h3 Bd7 12. e3 e6 13. Bd2 Qe7 14. Qe2 Rac8 15.
Rac1 Rfd8 16. Rfd1 Be8 17. Be1 b6 18. Kh2 h5 19. f4 f5 20. Bf3 Na5 21. b3 Nb7
22. g4 hxg4 23. hxg4 Nd6 24. g5 Qb7 25. a4 Bf8 26. Kg2 Rd7 27. Qb2 Rdc7 28. Be2
a5 29. Nb5 Nxb5 30. Bxb5 Bxb5 31. axb5 Bb4 32. Bd2 Rxc1 33. Rxc1 Rxc1 34. Qxc1
Bxd2 35. Qxd2 Qc7 36. Kg3 Qd7 37. Qe2 Qc7 38. Qd2 1/2-1/2

[Event "Gibtelecom Masters"]
[Site "Gibraltar"]
[Date "2009.02.01"]
[Round "6.52"]
[White "Rasch, Holger"]
[Black "Aerni, Andi"]
[Result "1-0"]
[WhiteElo "2301"]
[BlackElo "2102"]
[PlyCount "69"]
[EventDate "2009.01.27"]

1. e4 d5 2. exd5 Qxd5 3. Nc3 Qa5 4. d4 c6 5. Bc4 Bf5 6. Nf3 Nf6 7. Bd2 e6 8.
Qe2 Bb4 9. O-O Nbd7 10. a3 Bxc3 11. Bxc3 Qc7 12. Nh4 Bg4 13. f3 Bh5 14. Rad1
O-O 15. g4 Bg6 16. f4 b5 17. Bb3 Rfe8 18. Be1 a5 19. Bg3 Ne4 20. Nxg6 Nxg3 21.
hxg3 hxg6 22. Rf3 a4 23. Ba2 Rad8 24. c3 Nb6 25. Re3 Qd7 26. Re5 Nd5 27. Re1
Kf8 28. Kg2 Rc8 29. Kf2 Red8 30. Bxd5 cxd5 31. f5 gxf5 32. gxf5 exf5 33. Re7
Qd6 34. Qh5 g6 35. Qh8# 1-0

[Event "Gibtelecom Masters"]
[Site "Gibraltar"]
[Date "2009.02.01"]
[Round "6.55"]
[White "Cafolla, Peter"]
[Black "Chapman, Terry P D"]
[Result "0-1"]
[WhiteElo "2013"]
[BlackElo "2251"]
[PlyCount "68"]
[EventDate "2009.01.27"]

1. Nf3 d5 2. b3 Bf5 3. Bb2 e6 4. g3 h6 5. Bg2 Nf6 6. O-O Be7 7. d3 O-O 8. Nbd2
Nbd7 9. e3 Bh7 10. Qe2 a5 11. Ne5 Nxe5 12. Bxe5 Nd7 13. Bb2 Bf6 14. Bxf6 Qxf6
15. c4 Nc5 16. e4 dxc4 17. dxc4 e5 18. Bh3 Rfd8 19. Rad1 Rd4 20. f3 Qb6 21. Kh1
Rad8 22. Nb1 c6 23. Na3 Kf8 24. Nc2 Rd3 25. Rxd3 Rxd3 26. Qf2 f6 27. Rb1 Rxf3
28. Qg1 Rd3 29. Bf5 Bxf5 30. exf5 Nd7 31. Qf1 Rd2 32. Rd1 Rxc2 33. Qd3 Qf2 34.
Qd6+ Kg8 0-1

[Event "Gibtelecom Masters"]
[Site "Gibraltar"]
[Date "2009.02.01"]
[Round "6.56"]
[White "Skage, Oystein Aagedal"]
[Black "Dunn, Andrew"]
[Result "1/2-1/2"]
[WhiteElo "1925"]
[BlackElo "2216"]
[PlyCount "71"]
[EventDate "2009.01.27"]

1. d4 d5 2. c4 e6 3. Nf3 Nf6 4. g3 c6 5. Bg2 Nbd7 6. O-O Be7 7. b3 O-O 8. Bb2
a5 9. c5 Ne4 10. Qc2 f5 11. Ne1 b6 12. cxb6 Qxb6 13. Nd3 Bf6 14. Nc3 Nxc3 15.
Bxc3 Bb7 16. e3 Ba6 17. Rfc1 Bxd3 18. Qxd3 Rfc8 19. Rc2 c5 20. Rac1 Qb7 21.
dxc5 Rxc5 22. Bxf6 Rxc2 23. Qxc2 Nxf6 24. Qc5 Ra7 25. Qd6 Kf7 26. Rc6 Qd7 27.
Qc5 Ne4 28. Bxe4 dxe4 29. Rd6 Qe7 30. Qd4 Rc7 31. Rd8 h6 32. Ra8 Rd7 33. Qb6
Qf6 34. Rxa5 Qa1+ 35. Kg2 Qd1 36. Ra7 1/2-1/2

[Event "Gibtelecom Masters"]
[Site "Gibraltar"]
[Date "2009.02.01"]
[Round "6.57"]
[White "Kharous, Ernest"]
[Black "Carlsen, Ellen Oen"]
[Result "1-0"]
[WhiteElo "2400"]
[BlackElo "1888"]
[PlyCount "81"]
[EventDate "2009.01.27"]

1. e4 e5 2. Nf3 Nc6 3. Bb5 a6 4. Ba4 Nf6 5. O-O Be7 6. Re1 b5 7. Bb3 d6 8. c3
O-O 9. d3 Na5 10. Bc2 c5 11. Nbd2 Qc7 12. Nf1 Nc6 13. h3 Re8 14. Ng3 Bd7 15.
Nh2 d5 16. Ng4 d4 17. Bb3 Nxg4 18. hxg4 g6 19. Bd2 Rad8 20. c4 Rb8 21. cxb5
axb5 22. Rc1 Qc8 23. g5 Be6 24. Nf1 Ra8 25. Nh2 Na5 26. Bd5 Bxd5 27. exd5 Qf5
28. f4 exf4 29. d6 Bxd6 30. Rxe8+ Rxe8 31. Bxa5 Qxg5 32. Bd2 Qf5 33. Qf3 Kg7
34. Ng4 Rc8 35. b3 h5 36. Nf2 Bb8 37. Qh3 Qxh3 38. Nxh3 Bd6 39. Bxf4 Be7 40.
Be5+ f6 41. Bxd4 1-0

[Event "Gibtelecom Masters"]
[Site "Gibraltar"]
[Date "2009.02.01"]
[Round "6.58"]
[White "Fox, Anthony"]
[Black "Capo Vidal, Uriel"]
[Result "0-1"]
[WhiteElo "2085"]
[BlackElo "2336"]
[PlyCount "102"]
[EventDate "2009.01.27"]

1. e4 c5 2. Nc3 a6 3. f4 b5 4. g3 Bb7 5. Bg2 e6 6. d3 Nf6 7. Nf3 d5 8. e5 Nfd7
9. Qe2 Be7 10. O-O Nc6 11. Bd2 b4 12. Nd1 h5 13. h3 a5 14. c3 a4 15. c4 Nb6 16.
Rc1 g6 17. Nf2 Qd7 18. Be3 Ra5 19. g4 Kf8 20. Rfd1 Kg7 21. Nh1 Ba6 22. Qf2 Qc8
23. b3 d4 24. Bd2 axb3 25. axb3 Ra3 26. Rb1 Na5 27. Ng3 h4 28. Ne4 Nxb3 29. g5
Na4 30. Nxh4 Nxd2 31. Rxd2 Nc3 32. Rf1 Bb7 33. Nf6 Bxg2 34. Kxg2 b3 35. Nf3 Ra2
36. h4 Kf8 37. Rxa2 bxa2 38. Qb2 Qa8 39. Kg3 Kg7 40. h5 gxh5 41. Nh4 Rb8 42.
Nxh5+ Kf8 43. Qa1 Qa4 44. f5 Rb1 45. fxe6 Rxa1 46. Ng6+ Ke8 47. exf7+ Kd8 48.
f8=Q+ Bxf8 49. Rxf8+ Kc7 50. Nhf4 Rg1+ 51. Kh4 Qd7 0-1

[Event "Gibtelecom Masters"]
[Site "Gibraltar"]
[Date "2009.02.01"]
[Round "6.59"]
[White "Fairbairn, Stephen"]
[Black "Armbrust, Florian"]
[Result "0-1"]
[WhiteElo "2068"]
[BlackElo "2321"]
[PlyCount "54"]
[EventDate "2009.01.27"]

1. e4 c5 2. Nc3 Nc6 3. g3 g6 4. Bg2 Bg7 5. d3 d6 6. Be3 Rb8 7. Nh3 Nf6 8. f3
O-O 9. Qd2 b5 10. Nf2 b4 11. Ne2 Ne8 12. c3 bxc3 13. bxc3 Qa5 14. O-O Nc7 15.
Bh6 Bxh6 16. Qxh6 Rb2 17. Qe3 Rxa2 18. Rxa2 Qxa2 19. f4 f6 20. h4 e5 21. f5 Ne7
22. Ng4 gxf5 23. exf5 Kh8 24. Nh6 Ncd5 25. Qe4 Qd2 26. c4 Ne3 27. Rf2 Nxg2 0-1

[Event "Gibtelecom Masters"]
[Site "Gibraltar"]
[Date "2009.02.01"]
[Round "6.60"]
[White "Thomassen, Joachim"]
[Black "Compton, Alistair"]
[Result "0-1"]
[WhiteElo "2290"]
[BlackElo "2079"]
[PlyCount "64"]
[EventDate "2009.01.27"]

1. d4 e6 2. c4 d5 3. Nc3 c5 4. cxd5 exd5 5. Nf3 Nc6 6. g3 Nf6 7. Bg2 Be7 8. O-O
O-O 9. dxc5 Bxc5 10. a3 Re8 11. b4 Bb6 12. Bb2 Bg4 13. Na4 Qe7 14. Nxb6 axb6
15. Re1 Rad8 16. Rc1 Ne4 17. Nd4 Bd7 18. Qb3 Qg5 19. h4 Qh5 20. Rcd1 Nf6 21.
Nb5 Rxe2 22. Rxe2 Qxe2 23. Bxf6 gxf6 24. Bxd5 Qxb5 25. Bxf7+ Kg7 26. Bc4 Qh5
27. Re1 Ne5 28. Bd5 Bc6 29. Bxc6 bxc6 30. Kg2 Qf7 31. Qe3 Qd5+ 32. Kh3 Qd2 0-1

[Event "Gibtelecom Masters"]
[Site "Gibraltar"]
[Date "2009.02.01"]
[Round "6.61"]
[White "Gandrud, Vegar Koi"]
[Black "Tscharotschkin, Michael"]
[Result "1-0"]
[WhiteElo "2046"]
[BlackElo "2248"]
[PlyCount "97"]
[EventDate "2009.01.27"]

1. d4 e6 2. c4 b6 3. Nf3 Bb7 4. Nbd2 f5 5. g3 Nf6 6. Bg2 Be7 7. O-O O-O 8. b3
Ne4 9. Bb2 Nxd2 10. Qxd2 Bf6 11. Rad1 d6 12. Rfe1 Nd7 13. Nh4 Bxg2 14. Nxg2 Bg5
15. Qc2 Nf6 16. d5 Qd7 17. f4 Bh6 18. Bxf6 Rxf6 19. dxe6 Qxe6 20. e4 fxe4 21.
Rxe4 Qd7 22. Rde1 Rf7 23. Ne3 Raf8 24. Qe2 g6 25. Nd5 Bg7 26. Re7 Rxe7 27. Qxe7
Bd4+ 28. Kg2 Rf7 29. Qxd7 Rxd7 30. Re7 Rxe7 31. Nxe7+ Kf7 32. Nc6 Bb2 33. Nxa7
Ke6 34. Kf3 d5 35. Ke3 dxc4 36. bxc4 g5 37. Ke4 gxf4 38. gxf4 Kd6 39. Nb5+ Kc5
40. Nxc7 Kxc4 41. f5 Kc5 42. Ne6+ Kd6 43. Ng5 h5 44. Ne6 h4 45. Nf4 b5 46. h3
Bc3 47. Kf3 b4 48. Kg4 Bf6 49. Nd3 1-0

[Event "Gibtelecom Masters"]
[Site "Gibraltar"]
[Date "2009.02.01"]
[Round "6.62"]
[White "Bravetti, Antonio"]
[Black "Campbell, Ian"]
[Result "1-0"]
[WhiteElo "2205"]
[BlackElo "2023"]
[PlyCount "83"]
[EventDate "2009.01.27"]

1. d4 Nf6 2. c4 e6 3. Nf3 d5 4. e3 Be7 5. Nc3 O-O 6. Qc2 Nbd7 7. a3 b6 8. cxd5
exd5 9. Bd3 Bb7 10. O-O c5 11. Ne5 Rc8 12. Nxd7 Nxd7 13. Bxh7+ Kh8 14. Bf5 g6
15. Bh3 Bf6 16. Rd1 cxd4 17. exd4 Rc4 18. Be3 Re8 19. g3 Nf8 20. b3 Rc6 21. Qd2
a6 22. a4 Rc7 23. Rac1 Ne6 24. Bg2 Bg7 25. Ne2 Rxc1 26. Rxc1 Qd7 27. Qb4 Qd8
28. h4 Bf8 29. Qd2 a5 30. Nc3 Bb4 31. Qd3 Kg7 32. Qb5 Bxc3 33. Rxc3 Re7 34. Kh2
Qd6 35. Bf3 f5 36. Qd3 Rf7 37. Bc1 Rf8 38. Rc2 Kf6 39. Re2 f4 40. Bg4 fxg3+ 41.
fxg3 Re8 42. h5 1-0

[Event "Gibtelecom Masters"]
[Site "Gibraltar"]
[Date "2009.02.01"]
[Round "6.65"]
[White "Gavriel, Tryfon C"]
[Black "Pali, Gabor"]
[Result "0-1"]
[WhiteElo "2161"]
[BlackElo "2048"]
[PlyCount "62"]
[EventDate "2009.01.27"]

1. e4 b6 2. d4 e6 3. Bd3 d5 4. exd5 Qxd5 5. Nf3 Nf6 6. Nc3 Qd8 7. Qe2 Bb7 8.
Bf4 Be7 9. O-O-O c6 10. Ne5 Nbd7 11. Rhe1 Nxe5 12. Bxe5 Bb4 13. f4 Qe7 14. Bxf6
gxf6 15. f5 Bxc3 16. bxc3 Qa3+ 17. Kd2 O-O-O 18. fxe6 Rhe8 19. Qg4 Rg8 20. Qh3
fxe6 21. Qxe6+ Kb8 22. g3 c5 23. Qxf6 cxd4 24. Qe5+ Ka8 25. cxd4 Qb4+ 26. c3
Qb2+ 27. Bc2 Rc8 28. Re3 Rgf8 29. Re2 Qxc3+ 30. Kc1 Qa1+ 31. Kd2 Rxc2+ 0-1

[Event "Gibtelecom Masters"]
[Site "Gibraltar"]
[Date "2009.02.01"]
[Round "6.66"]
[White "Whitehead, David J"]
[Black "Dimitrijevic, Dragan"]
[Result "0-1"]
[WhiteElo "2155"]
[BlackElo "2069"]
[PlyCount "84"]
[EventDate "2009.01.27"]

1. e4 c5 2. Nf3 e6 3. d4 cxd4 4. Nxd4 Nf6 5. Nc3 d6 6. Bc4 Qc7 7. Bb3 a6 8. Be3
b5 9. a3 Bb7 10. f3 Nbd7 11. O-O Rc8 12. Qe1 Ne5 13. Rd1 Nc4 14. Bxc4 Qxc4 15.
Qg3 Qc7 16. Rfe1 Nd7 17. f4 Qb8 18. f5 e5 19. Nb3 Rxc3 20. bxc3 Bxe4 21. Qf2
Qc8 22. Bg5 d5 23. Rxe4 dxe4 24. Qa7 f6 25. Be3 Be7 26. h3 g6 27. fxg6 hxg6 28.
Kh2 f5 29. Rxd7 Qxd7 30. Qb8+ Qd8 31. Qxe5 Qd6 32. Bf4 Qxe5 33. Bxe5 O-O 34.
Kg3 Rc8 35. Kf4 Bxa3 36. g4 fxg4 37. hxg4 Rc4 38. Nd4 Bc5 39. Kxe4 Bxd4 40.
cxd4 Rxc2 41. Kd3 Rc4 42. g5 Kf7 0-1

[Event "Gibtelecom Masters"]
[Site "Gibraltar"]
[Date "2009.02.01"]
[Round "6.67"]
[White "Spanton, Tim R"]
[Black "Tsifanskaya, Ludmila A"]
[Result "0-1"]
[WhiteElo "2008"]
[BlackElo "2149"]
[PlyCount "130"]
[EventDate "2009.01.27"]

1. e4 c5 2. Nf3 Nc6 3. d3 g6 4. g3 Bg7 5. Bg2 d6 6. O-O Nf6 7. c3 O-O 8. Qe2 e5
9. Nbd2 Rb8 10. a4 a6 11. Nc4 b5 12. axb5 axb5 13. Ne3 Na5 14. b4 cxb4 15. cxb4
Nb3 16. Ra3 Nxc1 17. Rxc1 Bb7 18. Rca1 d5 19. exd5 Nxd5 20. Nxd5 Bxd5 21. Rc1
Ra8 22. Rca1 e4 23. Rxa8 Bxa8 24. Rxa8 Qxa8 25. dxe4 Qa4 26. Bf1 Qxb4 27. Qxb5
Qxe4 28. Qb3 h6 29. Bc4 Qf5 30. Nh4 Qf6 31. Kg2 Rd8 32. Nf3 Bf8 33. h4 Bc5 34.
Bd5 Kg7 35. Qc4 Bb6 36. Qb3 Rd7 37. Bc4 Rc7 38. Qb5 Rc5 39. Qb3 Rf5 40. Bd5 Qd6
41. Be4 Ra5 42. Qb2+ Qf6 43. Qb1 Ra1 44. Qc2 Ba7 45. g4 Ra3 46. Qd2 Qc3 47.
Qxc3+ Rxc3 48. Ne1 Kf6 49. Nd3 Ke6 50. g5 h5 51. f3 Ra3 52. Nb4 Ke5 53. Nc6+
Kf4 54. Nd8 Ra2+ 55. Kf1 Rh2 56. Nxf7 Rxh4 57. Kg2 Bb8 58. Bxg6 Ke3 59. Be4
Rh2+ 60. Kg1 h4 61. g6 h3 62. f4 Bxf4 63. Ng5 Ra2 64. Nxh3 Kxe4 65. g7 Ra8 0-1

[Event "Gibtelecom Masters"]
[Site "Gibraltar"]
[Date "2009.02.01"]
[Round "6.68"]
[White "Madland, Kristoffer"]
[Black "Osuna Vega, Enrique"]
[Result "1/2-1/2"]
[WhiteElo "1992"]
[BlackElo "2130"]
[PlyCount "68"]
[EventDate "2009.01.27"]

1. e4 e6 2. d4 d5 3. Nc3 h6 4. Bd3 Nf6 5. Nge2 dxe4 6. Nxe4 Bd7 7. c3 Bc6 8.
N2g3 Nbd7 9. Qe2 Be7 10. O-O h5 11. Bb5 Nxe4 12. Nxe4 Bxb5 13. Qxb5 Qc8 14. Nc5
b6 15. Qxd7+ Qxd7 16. Nxd7 Kxd7 17. Be3 Rag8 18. Rad1 Kc8 19. d5 e5 20. f4 e4
21. f5 Re8 22. Bd4 f6 23. Rf4 Bd6 24. Rh4 Bc5 25. Bxc5 bxc5 26. Re1 Re5 27. c4
e3 28. Rh3 Rhe8 29. Rxh5 Re4 30. b3 e2 31. Rh3 Kd7 32. Kf2 Kd6 33. Rd3 Rf4+ 34.
Rf3 Rfe4 1/2-1/2